The new world of the information society : proceedings of the Seventh International Conference on Computer Communication, Sydney, Australia, 30 October-2 November 1984
Αποθηκεύτηκε σε:
| Συλλογικό Έργο: | , |
|---|---|
| Άλλοι συγγραφείς: | , |
| Μορφή: | Βιβλίο |
| Γλώσσα: | English |
| Δημοσίευση: |
Amsterdam ; New York :
North-Holland ; New York, Elsevier,
1985
|
| Θέματα: | |
| Ετικέτες: |
Προσθήκη ετικέτας
Δεν υπάρχουν, Καταχωρήστε ετικέτα πρώτοι!
|
MARC
| LEADER | 00000nam a2200000 i 4500 | ||
|---|---|---|---|
| 001 | 1/78186 | ||
| 008 | 980825s1985 eng d | ||
| 020 | |a 0-444-87649-9 | ||
| 035 | |l 10032860 | ||
| 035 | |a 1988 |b 2 |c Ανθουλιάς | ||
| 040 | |a GR-MY-UA |b gre |e aacr | ||
| 041 | 0 | |a eng | |
| 082 | 0 | |a 004.6 | |
| 110 | 2 | |a International Conference on Computer Communication. | |
| 245 | 1 | 4 | |a The new world of the information society : |b proceedings of the Seventh International Conference on Computer Communication, Sydney, Australia, 30 October-2 November 1984 / |c edited by J.M. Bennett and T. Pearcey ; sponsored by the International Council for Computer Communication |
| 260 | |a Amsterdam ; New York : |b North-Holland ; New York, |b Elsevier, |c 1985 | ||
| 300 | |a xxxviii, 886 p.; |b ill.; |c 31 cm | ||
| 504 | |a Includes bibliographies and index | ||
| 650 | 0 | 0 | |a Computer networks |x Congresses. |
| 650 | 0 | 0 | |a Data transmission systems |x Congresses. |
| 700 | 1 | |a Bennett, John M |d 1921- |4 edt | |
| 700 | 1 | |a Pearcey, Trevor |d 1919- |4 edt | |
| 710 | 2 | |a International Council for Computer Communication. | |
| 852 | |a INST |b RHODES |e 19980825 |h 004.6 INT |p 005400004095 |q 005400004095 |t BK |y 0 | ||
| 909 | |a Ρ |b 011710 |c 1988 | ||